000 00360nam a22001337a 4500
005 20200619132357.0
008 200619b xxu||||| |||| 00| 0 eng d
082 _a345.4 LIC
110 _aALL INDIA REPORTER Pvt.Ltd
_96212
245 _aLABOUR AND INDUSTRIAL CASES [1993]P-II
260 _aMUMBAI
_bALL INDIA REPORTER
_c1993
650 _aLAW
_95701
942 _cJRL
999 _c7307
_d7305